[Event "Ruhrgebiet Verbandsklasse Gruppe 3 1718"]
[Site "Germany"]
[Date "2017.09.17"]
[Round "1.5"]
[White "Marx, Henning"]
[Black "Wesener, Rainer"]
[Result "1/2-1/2"]
[WhiteElo "1955"]
[BlackElo "1686"]
[PlyCount "38"]
[EventDate "2017.09.17"]
[EventType "team-tourn"]
[EventRounds "9"]
[EventCountry "GER"]
[SourceTitle "EXT 2022"]
[Source "ChessBase"]
[SourceDate "2021.10.06"]
[SourceVersion "1"]
[SourceVersionDate "2021.10.06"]
[SourceQuality "1"]
[WhiteTeam "Bochum-Linden"]
[BlackTeam "Winz Baak SG"]
[WhiteTeamCountry "GER"]
[BlackTeamCountry "GER"]

1. d4 f5 2. c4 e6 3. Nc3 Nf6 4. e3 Be7 5. Bd3 d5 6. Qc2 c6 7. Nf3 0-0 8. 0-0 Qe8 9. Ne5 Nbd7 10. f4 Ne4 11. Rf3 Nxe5 12. dxe5 b6 13. a3 Ba6 14. cxd5 Bxd3 15. Qxd3 cxd5 16. Ne2 Rc8 17. Bd2 Nc5 18. Qc2 Ne4 19. Qd3 Nc5 1/2-1/2